Thiết kế Website thương mại điện tử bằng ngôn ngữ PHP với cơ sở dữ liệu MYSQL trên hệ quản trị nội dung mã nguồn mở Joomla

Nghiên cứu tổng quan về công nghệ Web 2.0 mã nguồn mở và thương mại điện tử. Một số công cụ ứng dụng mã nguồn mở để thiết kế Website. Xây dựng Website thương mại điện tử shop hoc online.

Tallennettuna:
Bibliografiset tiedot
Päätekijä: Hoàng, Thị Ái Nhi (Tác giả)
Muut tekijät: Nguyễn Thanh Tuấn Th.S (Hướng dẫn)
Aineistotyyppi: Kirja
Kieli:Vietnamese
Julkaistu: Đà Nẵng Đại học Đà Nẵng 2011
Aiheet:
Tagit: Lisää tagi
Ei tageja, Lisää ensimmäinen tagi!
Thư viện lưu trữ: Mạng thư viện Đại học Đà Nẵng
LEADER 01686nam a2200373 4500
001 000011793
003 8064
005 20120210100220.0
008 120210s2011 viesd
041 |a vie 
072 |a Khóa luận tốt nghiệp 
082 |a 006.7  |b HO-N 
100 |a Hoàng, Thị Ái Nhi  |e Tác giả 
245 |a Thiết kế Website thương mại điện tử bằng ngôn ngữ PHP với cơ sở dữ liệu MYSQL trên hệ quản trị nội dung mã nguồn mở Joomla  |c Hoàng Thị Ái Nhi 
260 |a Đà Nẵng  |b Đại học Đà Nẵng  |c 2011 
300 |a 58 tr.  |c 29 cm 
500 |a Khóa luận tốt nghiệp khoa Tin học.Ngành: Cử nhân công nghệ thông tin. Lớp 07 CTT2 
520 |a Nghiên cứu tổng quan về công nghệ Web 2.0 mã nguồn mở và thương mại điện tử. Một số công cụ ứng dụng mã nguồn mở để thiết kế Website. Xây dựng Website thương mại điện tử shop hoc online. 
653 |a Thiết kế Website 
653 |a Ngôn ngữ PHP 
653 |a Cơ sở dữ liệu MYSQL 
653 |a Joomla 
653 |a Hệ quản trị 
700 |a Nguyễn Thanh Tuấn  |c Th.S  |e Hướng dẫn 
OWN |a LSP 
AVA |a UDN50  |b LSP  |d 006.7 HO-N  |e available  |t Error 5001 Not defined in file expand_doc_bib_avail.  |f 1  |g 0  |h N  |i 0  |k 1 
999 |a From the UDN01 
AVA |a UDN50  |b LSP  |d 006.7 HO-N  |e available  |t Error 5001 Not defined in file expand_doc_bib_avail.  |f 1  |g 0  |h N  |i 0  |k 1 
TYP |a Monograph 
TYP |a Printed language 
980 |a Mạng thư viện Đại học Đà Nẵng